« Retourner aux résultats de recherche
Ovni, le secret des secrets
| Auteur principal: | Fabrice Bonvin |
|---|---|
| D'autres auteurs: | Didier Gomez |
| Support: | Livres |
| Langue: | Francais |
| Publié: |
2011 Temps présent Agnières (Somme) |
| Genre: |
Documentaire |
| Collection: |
Mutation |
| Sujets: | |
| Étiquettes: |
Ajouter
Pas de Tags !
|
| LEADER | 01036nam0a2200217 450 | ||
|---|---|---|---|
| 001 | 16820793 | ||
| 010 | |a 978-2-35185-080-0 |b Br. |d 18 | ||
| 100 | |a 20110207d2011 u u0frey01 ba | ||
| 101 | 0 | |a fre | |
| 102 | |a FR | ||
| 200 | 0 | |a Ovni, le secret des secrets |f Fabrice Bonvin |g préface Didier Gomez | |
| 207 | 1 | |a | |
| 210 | |a Agnières (Somme) |c Temps présent |d 2011 | ||
| 215 | |a 219 p. |d 22 x 16 cm | ||
| 225 | 1 | |a Mutation | |
| 330 | |a Ce panorama des recherches officielles et officieuses gouvernementales sur les objets volants non identifiés révèle les études ultra-secrètes et les identités des acteurs impliqués dans cette recherche aux Etats-Unis. Le dispositif militaire du futur que constituent les armes géophysiques sont étudiés dans leurs relations avec les apparitions des ovnis. | ||
| 700 | 0 | |a Bonvin |b Fabrice |4 70 | |
| 702 | 0 | |a Gomez |b Didier |4 80 | |
| 900 | |a Documentaire | ||
| 901 | |a Accessible au prêt | ||
| 995 | |a Bibliothèque |c Bibliothèque |f 00156008226102 |h 00156008226102 |k 001.9 BON |o p |q a |r az |e Bibliothèque | ||
